| 000 | 01064cam a2200277 a 4500 | ||
|---|---|---|---|
| 999 |
_c332159 _d332159 |
||
| 001 | 3486047 | ||
| 003 | NUST | ||
| 005 | 20171116093456.0 | ||
| 008 | 940309s1995 njua b 001 0 eng | ||
| 010 | _a 94010676 | ||
| 020 | _a0130791873 | ||
| 040 |
_aDLC _cDLC _dDLC |
||
| 050 | 0 | 0 |
_aTD795.7 _b.M38 1995 |
| 082 | 0 | 0 |
_a628.44564 MCB _220 |
| 100 | 1 |
_aMcBean, Edward A. _96414 |
|
| 245 | 1 | 0 |
_aSolid waste landfill engineering and design / _cEdward A. McBean, Frank A. Rovers, Grahame J. Farquhar. |
| 260 |
_aEnglewood Cliffs, N.J. : _bPrentice Hall PTR, _cc1995. |
||
| 300 |
_axvi, 521 p. : _bill. ; _c25 cm. |
||
| 500 | _aH.B | ||
| 504 | _aIncludes bibliographical references and index. | ||
| 650 | 0 |
_aSanitary landfills _xDesign and construction. _96415 |
|
| 700 | 1 |
_aRovers, Frank A. _96416 |
|
| 700 | 1 |
_aFarquhar, Grahame J. _96417 |
|
| 906 |
_a7 _bcbc _corignew _d1 _eocip _f19 _gy-gencatlg |
||
| 942 |
_2ddc _cBK _kIESE |
||